Logo

Description automatically generated
विद्यार्जन
 संसाधन केंद्र, भारतीय प्रौद्योगिकी संस्थान इन्दौर
Learning Resource Center, Indian Institute of Technology Indore

ऑनलाइन सार्वजनिक अभिगम प्रसूची
Online Public Access Catalogue (OPAC)

Indian ocean studies : cultural, social, and political perspectives (Record no. 57303)

MARC details
000 -LEADER
fixed length control field 00867nam a2200229Ia 4500
005 - DATE AND TIME OF LATEST TRANSACTION
control field 20260629163254.0
008 - FIXED-LENGTH DATA ELEMENTS--GENERAL INFORMATION
fixed length control field 260629s9999||||xx |||||||||||||| ||und||
020 ## - INTERNATIONAL STANDARD BOOK NUMBER
International Standard Book Number 9780415648479
Qualifying information pbk
082 ## - DEWEY DECIMAL CLASSIFICATION NUMBER
Classification number 909.09824
Item number MOO
100 ## - MAIN ENTRY--PERSONAL NAME
Personal name Moorthy, Shanti [ed.]
245 #0 - TITLE STATEMENT
Title Indian ocean studies : cultural, social, and political perspectives
260 ## - PUBLICATION, DISTRIBUTION, ETC.
Place of publication, distribution, etc. New York
Name of publisher, distributor, etc. Routledge an imprint of Taylor and Francis Group
Date of publication, distribution, etc. 2012
300 ## - PHYSICAL DESCRIPTION
Extent xvii, 435p. ; 23cm.
653 ## - INDEX TERM--UNCONTROLLED
Uncontrolled term Indian Ocean Region--Intellectual life
653 ## - INDEX TERM--UNCONTROLLED
Uncontrolled term Indian Ocean Region--Politics and government
653 ## - INDEX TERM--UNCONTROLLED
Uncontrolled term Indian Ocean Region--Social conditions
653 ## - INDEX TERM--UNCONTROLLED
Uncontrolled term Indian Ocean Region--Study and teaching (Higher)
653 ## - INDEX TERM--UNCONTROLLED
Uncontrolled term Indian Ocean--Study and teaching (Higher)
653 ## - INDEX TERM--UNCONTROLLED
Uncontrolled term Islands of the Indian Ocean--Study and teaching (Higher)
700 ## - ADDED ENTRY--PERSONAL NAME
Personal name Jamal, Ashraf [ed.]
942 ## - ADDED ENTRY ELEMENTS (KOHA)
Koha item type Book
Holdings
Withdrawn status Lost status Damaged status Not for loan Home library Current library Shelving location Date acquired Source of acquisition Total Checkouts Full call number Barcode Date last seen Price effective from Koha item type
        LRC, IIT Indore LRC, IIT Indore 2nd Floor - General Stack 29/06/2026 Gratis Book Price: USD 77.99   909.09824 MOO G2528 29/06/2026 29/06/2026 Book
Copyright © 2017-2026 Indian Institute of Technology Indore. All Rights Reserved.
Managed & maintained by Learning Resource Center, IIT Indore